000 00465nam a2200169Ia 4500
003 GCL
008 140319s9999 xx 000 0 eng d
040 _aGCL /
_cGCL
082 0 4 _a332.63
_bR I
100 1 _aRUTTERFORD, JANETTE
245 1 0 _aINTRODUCTION TO STOCK EXCHANGE INVESTMENT, 2ND ED /
_cRUTTERFORD, JANETTE
260 _a[S.N] :
_bMACMILLAN PRESS ،
_c1994
300 _a445 P
650 0 4 _aSTOCK - EXCHANGE
650 0 4 _aINVESTMENTS
942 _2ddc
_cBK
999 _c24291
_d24291